000 00169nam a22000857a 4500
999 _c264322
_d264321
100 _aGail Tuchman
245 _aSafari
260 _aNew York
_bScholastic Inc
942 _cBK